[Event "IV Torneo Leonardo di Bona Internazionale"]
[Site "Cutro ITA"]
[Date "1998.05.04"]
[Round "11"]
[White "Aleksic, Nenad"]
[Black "Efimov, Igor"]
[Result "0-1"]
[WhiteElo "2445"]
[BlackElo "2525"]
[PlyCount "114"]
[EventDate "1998.04.24"]

1. e4 c5 2. Nf3 e6 3. Nc3 Nc6 4. d4 cxd4 5. Nxd4 Qb6 6. Nb3 Nf6 7. Bd3 a6 8.
O-O Qc7 9. f4 d6 10. a4 b6 11. Qf3 Bb7 12. Qh3 Nb4 13. Be3 d5 14. e5 Ne4 15. f5
exf5 16. Qxf5 g6 17. Qg4 Qxe5 18. Bxb6 Bd6 19. Qh3 O-O 20. Bd4 Qe6 21. Qh6 Be5
22. Kh1 Rac8 23. Rae1 Bxd4 24. Nxd4 Qe5 25. Nf3 Qg7 26. Qh4 f5 27. Qf4 d4 28.
Ne2 Nd5 29. Qc1 Ne3 30. Nexd4 Nxf1 31. Rxf1 Rfe8 32. c3 Kh8 33. Kg1 Nc5 34. Bc2
Re7 35. h4 Ne4 36. Qf4 Nf6 37. Qd6 Rd7 38. Qf4 Nd5 39. Qd2 Re8 40. Bb3 Ne3 41.
Re1 f4 42. Qf2 Rde7 43. Qd2 Qf6 44. a5 h6 45. Ba4 Nc4 46. Rxe7 Rxe7 47. Qc2
Nxa5 48. b3 Bd5 49. Qd2 Nb7 50. b4 Nd6 51. Nc6 Bxc6 52. Bxc6 Nf7 53. Bd5 Ne5
54. Bb3 Nxf3+ 55. gxf3 Re8 56. Kf1 Qxh4 57. Bf7 Qh1+ 0-1

[Event "C.to Regionale Sicilia"]
[Site "Palermo ITA"]
[Date "1998.04.??"]
[Round "1"]
[White "Bonaccorsi, Fabrizio"]
[Black "Ferrante, Francesco"]
[Result "1-0"]
[WhiteElo "2110"]
[BlackElo "1831"]
[PlyCount "94"]
[EventDate "1998.04.24"]

1. Nf3 d5 2. c4 e6 3. g3 Nf6 4. Bg2 c6 5. O-O Bd6 6. d4 dxc4 7. Bg5 h6 8. Bxf6
Qxf6 9. Nc3 Qe7 10. e4 O-O 11. e5 Bc7 12. a4 Rd8 13. Qe2 b6 14. Rfd1 Ba6 15.
Nh4 Rd5 16. Rac1 Qd7 17. Qg4 Bd8 18. Be4 Kf8 19. Nf3 Ra5 20. Bb1 Bb7 21. Qe4 g6
22. h4 h5 23. g4 c5 24. Qf4 hxg4 25. dxc5 Bd5 26. Qh6+ Kg8 27. Ne4 f5 28. exf6
gxf3 29. Qxg6+ Kf8 30. Ng5 Rxc5 31. Nh7+ Qxh7 32. Qxh7 Bxf6 33. Bg6 Bg7 34. h5
Rc7 35. Rc3 Na6 36. Rxd5 Bxc3 37. Qh6+ Bg7 38. Qf4+ Kg8 39. Rd2 Rf8 40. Qg3 Kh8
41. Kh2 Rc5 42. Kh3 Nb8 43. Qg4 Re5 44. Be4 Bh6 45. Qg6 Rxe4 46. Qxh6+ Kg8 47.
Qg6+ Kh8 1-0

[Event "C.to Regionale Sicilia"]
[Site "Palermo ITA"]
[Date "1998.04.??"]
[Round "1"]
[White "Messina, Igor"]
[Black "Alaimo, Riccardo"]
[Result "0-1"]
[WhiteElo "1756"]
[BlackElo "2080"]
[PlyCount "82"]
[EventDate "1998.04.24"]

1. c4 e5 2. g3 Nc6 3. Bg2 f5 4. Nc3 Nf6 5. e4 Bc5 6. Nge2 f4 7. gxf4 Ng4 8. d4
exd4 9. h3 Nxf2 10. Kxf2 Qh4+ 11. Kf1 dxc3 12. Qe1 Qxe1+ 13. Kxe1 Nb4 14. Kd1
Nd3 15. Kc2 cxb2 16. Bxb2 Nxb2 17. Kxb2 d6 18. f5 Bd7 19. Rad1 Be3 20. Nd4 Bf4
21. Nb5 Be5+ 22. Kb1 O-O 23. Rd3 a6 24. Nc3 b5 25. c5 b4 26. Nd5 Bb5 27. Rd2
dxc5 28. Bf3 c4 29. Rg2 c5 30. h4 b3 31. h5 h6 32. Ne7+ Kf7 33. Ng6 Rfe8 34.
Rhg1 Bd4 35. Re1 Bc6 36. axb3 cxb3 37. Nf4 c4 38. Ne6 Be5 39. Reg1 Rg8 40. Rg6
Bb5 41. R6g2 c3 0-1

[Event "C.to Regionale Sicilia"]
[Site "Palermo ITA"]
[Date "1998.04.??"]
[Round "2"]
[White "Alaimo, Riccardo"]
[Black "Bonaccorsi, Fabrizio"]
[Result "0-1"]
[WhiteElo "2080"]
[BlackElo "2110"]
[PlyCount "66"]
[EventDate "1998.04.24"]

1. e4 e6 2. Nc3 d5 3. d4 dxe4 4. Nxe4 Qd5 5. Bd3 Nf6 6. Nxf6+ gxf6 7. Nf3 Rg8
8. Bf4 Bd6 9. c4 Qa5+ 10. Bd2 Bb4 11. Bxh7 Rxg2 12. Bd3 Rg4 13. a3 Bxd2+ 14.
Qxd2 Nc6 15. b4 Qh5 16. Be2 Qh3 17. O-O-O Bd7 18. d5 exd5 19. cxd5 Ne5 20. Nxe5
Qxa3+ 21. Qb2 Qxb2+ 22. Kxb2 Re4 23. Rd2 fxe5 24. Kc3 Rh4 25. Bc4 Ke7 26. Ra2
a6 27. b5 a5 28. b6 cxb6 29. d6+ Kf6 30. Be2 Rc8+ 31. Kd2 Rc6 32. Ke3 Rxd6 33.
f4 Rh3+ 0-1

[Event "C.to Regionale Sicilia"]
[Site "Palermo ITA"]
[Date "1998.04.??"]
[Round "3"]
[White "Bonaccorsi, Fabrizio"]
[Black "Isonzo, David"]
[Result "0-1"]
[WhiteElo "2110"]
[BlackElo "2235"]
[PlyCount "52"]
[EventDate "1998.04.24"]

1. Nf3 Nf6 2. c4 e6 3. g3 b6 4. Bg2 Bb7 5. O-O Be7 6. d4 O-O 7. d5 exd5 8. Nh4
g6 9. cxd5 d6 10. Nc3 Nbd7 11. e4 c5 12. f4 a6 13. e5 Ne8 14. Nf3 Qc7 15. Re1
b5 16. Ne4 Nb6 17. exd6 Nxd6 18. Ne5 Bxd5 19. Nf6+ Bxf6 20. Bxd5 Nxd5 21. Qxd5
Nf5 22. g4 Rad8 23. Qg2 Nd4 24. Be3 Rfe8 25. Bxd4 Rxd4 26. g5 Bxe5 0-1

[Event "C.to Regionale Sicilia"]
[Site "Palermo ITA"]
[Date "1998.04.??"]
[Round "3"]
[White "Di Caro, Calogero"]
[Black "Gueci, Riccardo"]
[Result "1-0"]
[WhiteElo "1588"]
[BlackElo "2185"]
[PlyCount "55"]
[EventDate "1998.04.24"]

1. d4 Nf6 2. c4 g6 3. Nc3 Bg7 4. e4 d6 5. Be2 h6 6. Nf3 Nbd7 7. e5 dxe5 8. dxe5
Nh7 9. e6 fxe6 10. Qc2 Nhf8 11. Bd3 Kf7 12. Nh4 g5 13. Ng6 Rg8 14. Nxf8 Nxf8
15. h4 Bf6 16. Be3 c6 17. O-O-O Qa5 18. Ne4 Qxa2 19. Nxf6 exf6 20. hxg5 hxg5
21. Rh6 e5 22. Qe2 Qa1+ 23. Kc2 Qa4+ 24. Kb1 g4 25. f4 exf4 26. Bd4 Ng6 27. Re1
Qb4 28. Rh7+ 1-0

[Event "C.to Regionale Sicilia"]
[Site "Palermo ITA"]
[Date "1998.04.??"]
[Round "3"]
[White "Galioto, Giovanni"]
[Black "Carini, Giovanni"]
[Result "1-0"]
[WhiteElo "1966"]
[BlackElo "2050"]
[PlyCount "39"]
[EventDate "1998.04.24"]

1. e4 e5 2. f4 exf4 3. Nf3 d6 4. d4 g5 5. h4 g4 6. Ng1 Bh6 7. Nc3 Nf6 8. Bc4
O-O 9. Nge2 Re8 10. O-O Nxe4 11. Nxf4 Qxh4 12. Bxf7+ Kxf7 13. Nh5+ Kg6 14. Nxe4
Bxc1 15. Rf6+ Qxf6 16. Nhxf6 Be3+ 17. Kh1 Re7 18. Qd3 Bf5 19. Qxe3 d5 20. Qg5+
1-0

[Event "C.to Regionale Sicilia"]
[Site "Palermo ITA"]
[Date "1998.04.??"]
[Round "5"]
[White "Bonaccorsi, Fabrizio"]
[Black "Galioto, Giovanni"]
[Result "1/2-1/2"]
[WhiteElo "2110"]
[BlackElo "1966"]
[PlyCount "72"]
[EventDate "1998.04.24"]

1. Nf3 Nf6 2. c4 g6 3. Nc3 Bg7 4. e4 d6 5. d4 Nc6 6. d5 Nb8 7. Bg5 Bg4 8. Be2
Bxf3 9. Bxf3 Nbd7 10. Rc1 a6 11. O-O O-O 12. b4 a5 13. a3 axb4 14. axb4 c6 15.
Be3 Qc7 16. c5 dxc5 17. bxc5 Ne5 18. Be2 Ra3 19. Bd4 Ned7 20. Bf3 Re8 21. Re1
e5 22. Be3 Rea8 23. g4 h6 24. h4 Nh7 25. Kg2 R3a5 26. dxc6 bxc6 27. Nb1 Bf8 28.
Nd2 Nxc5 29. Nc4 Ra2 30. Rc2 Rxc2 31. Qxc2 Ne6 32. Rd1 c5 33. Rd5 Nd4 34. Qd2
Rd8 35. Rxd8 Qxd8 36. Nxe5 Bg7 1/2-1/2

[Event "C.to Regionale Sicilia"]
[Site "Palermo ITA"]
[Date "1998.04.??"]
[Round "6"]
[White "Bonaccorsi, Fabrizio"]
[Black "Galioto, Giovanni"]
[Result "0-1"]
[WhiteElo "2110"]
[BlackElo "1966"]
[PlyCount "42"]
[EventDate "1998.04.24"]

1. e4 e6 2. d4 d5 3. Nd2 a6 4. Bd3 c5 5. c3 Nc6 6. Ne2 cxd4 7. cxd4 dxe4 8.
Nxe4 Nf6 9. O-O Be7 10. Be3 O-O 11. a3 Nd5 12. Rc1 e5 13. Nc5 Nxe3 14. fxe3 Bg5
15. d5 Bxe3+ 16. Kh1 Nd4 17. Bxh7+ Kxh7 18. Qd3+ Nf5 19. Rxf5 Bxf5 20. Qxf5+
Kg8 21. Nxb7 Qxd5 0-1

[Event "C.to Regionale Sicilia"]
[Site "Palermo ITA"]
[Date "1998.04.??"]
[Round "6"]
[White "Mazzilli, Piero"]
[Black "Isonzo, David"]
[Result "1/2-1/2"]
[WhiteElo "2115"]
[BlackElo "2235"]
[PlyCount "48"]
[EventDate "1998.04.24"]

1. e4 c5 2. c3 Nf6 3. e5 Nd5 4. d4 cxd4 5. cxd4 Nc6 6. Nf3 d6 7. Bc4 Nb6 8. Bb5
dxe5 9. Nxe5 Bd7 10. Bxc6 Bxc6 11. Nxc6 bxc6 12. O-O g6 13. Re1 Bg7 14. Bg5 Nc8
15. Qa4 Qd7 16. Nc3 h6 17. Bh4 O-O 18. Rad1 Qb7 19. Qa3 Re8 20. Ne4 Rb8 21. Re2
Qb4 22. Qc3 Qxc3 23. bxc3 Nb6 24. Bg3 Rbd8 1/2-1/2

[Event "C.to Regionale Sicilia"]
[Site "Palermo ITA"]
[Date "1998.04.??"]
[Round "7"]
[White "Bottino, Alexiei"]
[Black "Sardo, Gabriele"]
[Result "1-0"]
[WhiteElo "1705"]
[BlackElo "1780"]
[PlyCount "77"]
[EventDate "1998.04.24"]

1. d4 Nf6 2. Nf3 e6 3. Bg5 d5 4. c4 Nbd7 5. Nc3 Be7 6. e3 O-O 7. Rc1 c6 8. Bd3
h6 9. Bh4 dxc4 10. Bxc4 a6 11. O-O b5 12. Bd3 Bb7 13. Bb1 Rc8 14. Qd3 c5 15. e4
g6 16. e5 Nd5 17. Bxe7 Qxe7 18. Ne4 c4 19. Qd2 Kg7 20. Nd6 Rc7 21. h3 N7b6 22.
Nh2 b4 23. Ng4 Rh8 24. f4 h5 25. f5 exf5 26. Rxf5 Qd8 27. Nf6 gxf5 28. Qg5+ Kf8
29. Nh7+ Rxh7 30. Qxd8+ Kg7 31. Ne8+ Kg6 32. Nxc7 f6 33. Nxd5 Nxd5 34. Qe8+ Kh6
35. Bxf5 Nf4 36. Bxh7 Kxh7 37. Qf7+ Kh6 38. Qxf6+ Ng6 39. e6 1-0

[Event "XIII Festival Magistrale"]
[Site "Celle Ligure ITA"]
[Date "1998.04.??"]
[Round "?"]
[White "Collareta, Giovanni"]
[Black "Guido, Flavio"]
[Result "0-1"]
[WhiteElo "2195"]
[BlackElo "2370"]
[PlyCount "54"]
[EventDate "1998.04.04"]

1. c4 e6 2. Nf3 d5 3. g3 Nf6 4. Bg2 c5 5. cxd5 Nxd5 6. O-O Nc6 7. Nc3 Be7 8. d4
O-O 9. Nxd5 exd5 10. dxc5 Bxc5 11. Qc2 Bb6 12. Ng5 g6 13. Qd2 Bd4 14. h4 h6 15.
Nh3 Bg7 16. Nf4 d4 17. Nd3 Re8 18. b3 Bf5 19. Bb2 Be4 20. Rac1 Bxg2 21. Kxg2
Re4 22. Rc2 Qd5 23. Kg1 Rae8 24. Re1 Qf5 25. Bc1 Bf8 26. Kg2 a5 27. Rh1 Rxe2
0-1

[Event "XIII Festival Magistrale"]
[Site "Celle Ligure ITA"]
[Date "1998.04.??"]
[Round "?"]
[White "Guido, Flavio"]
[Black "Voiska, Margarita"]
[Result "1-0"]
[WhiteElo "2370"]
[BlackElo "2335"]
[PlyCount "69"]
[EventDate "1998.04.04"]

1. e4 c6 2. d4 Na6 3. c4 d6 4. Nc3 e5 5. Nf3 Qe7 6. Be2 Nf6 7. O-O Bg4 8. Bg5
Bxf3 9. Bxf3 h6 10. Be3 Qc7 11. Qa4 Nd7 12. b4 Be7 13. Bg4 O-O 14. d5 Nf6 15.
Be2 c5 16. a3 Nd7 17. Rab1 Qc8 18. Bg4 Rd8 19. Rfc1 Nab8 20. bxc5 dxc5 21. Rd1
Bg5 22. Bxg5 hxg5 23. Qc2 Qc7 24. Qd2 Nf6 25. Qxg5 Qa5 26. Rd3 Nbd7 27. Rg3
Nxg4 28. Qxg4 g6 29. Rxb7 Rab8 30. Rxb8 Rxb8 31. h4 Nf6 32. Qg5 Nxe4 33. Qxe5
Nxc3 34. Qxb8+ Kh7 35. Qe5 1-0

[Event "XIII Festival Magistrale"]
[Site "Celle Ligure ITA"]
[Date "1998.04.??"]
[Round "?"]
[White "Sulava, Nenad"]
[Black "Rosin, Federico"]
[Result "1-0"]
[WhiteElo "2450"]
[BlackElo "2240"]
[PlyCount "37"]
[EventDate "1998.04.04"]

1. d4 d5 2. c4 Nc6 3. Nc3 Nf6 4. Nf3 dxc4 5. e4 Bg4 6. d5 Bxf3 7. gxf3 Ne5 8.
Bf4 Nd3+ 9. Bxd3 cxd3 10. Qb3 d2+ 11. Ke2 Nh5 12. Bxd2 b6 13. Nb5 a6 14. Qc4 c5
15. dxc6 axb5 16. Qxb5 g6 17. Rhd1 Qc7 18. Bb4 Nf4+ 19. Kf1 1-0

[Event "I Weekend A"]
[Site "Gravina di Catania ITA"]
[Date "1998.04.05"]
[Round "?"]
[White "Fabiano, Giuseppe"]
[Black "Isonzo, David"]
[Result "1-0"]
[WhiteElo "2230"]
[BlackElo "2235"]
[PlyCount "59"]
[EventDate "1998.03.28"]

1. d4 Nf6 2. Nf3 d5 3. c4 e6 4. Bg5 Nbd7 5. Nc3 Be7 6. e3 O-O 7. Rc1 c6 8. Bd3
dxc4 9. Bxc4 Nd5 10. Bxe7 Qxe7 11. O-O Nxc3 12. Rxc3 e5 13. e4 b5 14. Bb3 Bb7
15. d5 Rac8 16. d6 Qf6 17. Ne1 Rcd8 18. Nc2 Nb6 19. Qh5 Rxd6 20. Rh3 h6 21. f4
Nd7 22. fxe5 Qxe5 23. Rf5 Qe7 24. Rg3 Rf6 25. Qg4 g6 26. Ne3 Kh7 27. Rh5 Nc5
28. Rxh6+ Kxh6 29. Qh4+ Kg7 30. Nf5+ 1-0

[Event "I Weekend A"]
[Site "Gravina di Catania ITA"]
[Date "1998.04.05"]
[Round "?"]
[White "Isonzo, David"]
[Black "Bentivegna, Francesco"]
[Result "0-1"]
[WhiteElo "2235"]
[BlackElo "1780"]
[PlyCount "52"]
[EventDate "1998.03.28"]

1. e4 c5 2. Bc4 e6 3. Qe2 Ne7 4. Nc3 a6 5. a4 Nbc6 6. Nf3 Nd4 7. Nxd4 cxd4 8.
Nd1 Nc6 9. O-O Be7 10. d3 O-O 11. Ba2 f5 12. e5 b6 13. f4 Bb7 14. Bd2 Rc8 15.
c3 Kh8 16. Rb1 Rg8 17. Nf2 g5 18. Nh3 g4 19. Nf2 g3 20. hxg3 Rxg3 21. Nh1 Rg6
22. Rf3 Qg8 23. Be1 dxc3 24. bxc3 Nd4 25. cxd4 Bxf3 26. Qxf3 Rc2 0-1

[Event "I Weekend A"]
[Site "Gravina di Catania ITA"]
[Date "1998.03.28"]
[Round "1"]
[White "Alaimo, Riccardo"]
[Black "Bentivegna, Francesco"]
[Result "1-0"]
[WhiteElo "2080"]
[BlackElo "1780"]
[PlyCount "51"]
[EventDate "1998.03.28"]

1. e4 c5 2. Nc3 e6 3. f4 d5 4. Nf3 Nc6 5. Bb5 dxe4 6. Bxc6+ bxc6 7. Nxe4 Nf6 8.
d3 Ba6 9. b3 c4 10. Nf2 Bb4+ 11. Bd2 c3 12. Bc1 Bc5 13. O-O O-O 14. Kh1 Qc7 15.
Qe1 Nd5 16. Ne4 Bb4 17. a3 Qa5 18. Ne5 Rac8 19. Qg3 Be7 20. f5 exf5 21. Bh6 g6
22. Rxf5 Nb4 23. Nxg6 fxg6 24. Rxa5 Nxc2 25. Rc1 Bxa3 26. Qe5 1-0

[Event "I Weekend A"]
[Site "Gravina di Catania ITA"]
[Date "1998.03.28"]
[Round "2"]
[White "Marletta, Giuseppe"]
[Black "Alaimo, Riccardo"]
[Result "0-1"]
[WhiteElo "1720"]
[BlackElo "2080"]
[PlyCount "64"]
[EventDate "1998.03.28"]

1. f4 d5 2. b3 Nf6 3. Bb2 e6 4. Nf3 Be7 5. e3 O-O 6. Be2 Ne4 7. O-O Bf6 8. Ne5
Nd7 9. d3 Nd6 10. Nd2 Nf5 11. Rf3 Nxe5 12. Bxe5 Bxe5 13. fxe5 Qg5 14. Nf1 d4
15. e4 Ne7 16. Nd2 Qxe5 17. Nc4 Qc5 18. Qf1 b5 19. Na5 Bd7 20. a3 f5 21. b4 Qb6
22. Kh1 fxe4 23. dxe4 c5 24. Qf2 e5 25. Rf1 Ng6 26. g3 Bh3 27. Rc1 c4 28. Bf1
Rxf3 29. Qxf3 Rf8 30. Qe2 d3 31. cxd3 Rf2 32. Qh5 Bxf1 0-1

[Event "I Weekend A"]
[Site "Gravina di Catania ITA"]
[Date "1998.03.28"]
[Round "3"]
[White "Alaimo, Riccardo"]
[Black "Fabiano, Giuseppe"]
[Result "0-1"]
[WhiteElo "2080"]
[BlackElo "2230"]
[PlyCount "76"]
[EventDate "1998.03.28"]

1. e4 e6 2. Nc3 d5 3. d4 Bb4 4. e5 Ne7 5. a3 Bxc3+ 6. bxc3 c5 7. Qg4 Qc7 8.
Qxg7 Rg8 9. Qxh7 cxd4 10. Ne2 Nbc6 11. f4 Bd7 12. Qd3 dxc3 13. Be3 Nf5 14. Bf2
d4 15. h3 Rh8 16. g4 Nh4 17. Bxh4 Rxh4 18. Nxd4 Nxd4 19. Qxd4 Bc6 20. Qxc3
O-O-O 21. Rh2 Qb6 22. Rd2 Rxd2 23. Qxd2 Rh8 24. O-O-O Kb8 25. Qd6+ Ka8 26. Qd4
Qc7 27. Qc5 Qb8 28. Rd2 Bd5 29. Qd6 Qc8 30. Qb4 Qc7 31. Kb2 Rc8 32. Bg2 a5 33.
Qd4 Bxg2 34. Rxg2 Rd8 35. Qc3 Qb6+ 36. Kc1 Rd5 37. a4 Rc5 38. Qb3 Qxb3 0-1

[Event "I Weekend A"]
[Site "Gravina di Catania ITA"]
[Date "1998.03.29"]
[Round "4"]
[White "Tondo, Salvatore"]
[Black "Alaimo, Riccardo"]
[Result "0-1"]
[WhiteElo "2015"]
[BlackElo "2080"]
[PlyCount "120"]
[EventDate "1998.03.28"]

1. Nf3 d5 2. g3 c6 3. Bg2 Bg4 4. O-O Nf6 5. d3 Nbd7 6. Nbd2 e5 7. e4 dxe4 8.
dxe4 Be7 9. Qe1 O-O 10. Nc4 Qc7 11. a4 Rfd8 12. Bd2 Ne8 13. Bc3 f6 14. Ne3 Be6
15. b3 Nd6 16. Nh4 Nc5 17. Nef5 Nxf5 18. Nxf5 Bf8 19. a5 Bf7 20. Qe2 Ne6 21.
Rfd1 g6 22. Ne3 Nd4 23. Bxd4 exd4 24. Nc4 Be6 25. a6 b5 26. Na5 Bg7 27. Nb7 Re8
28. f4 Qb6 29. Kh1 c5 30. Qd3 Bf8 31. h3 Rab8 32. Kh2 Rbc8 33. Ra5 Bd7 34. Raa1
Bc6 35. Na5 Ba8 36. Nb7 Bxb7 37. axb7 Qxb7 38. e5 Qd7 39. Re1 fxe5 40. Rxe5
Rxe5 41. fxe5 Bg7 42. Qe4 Re8 43. Qd5+ Qxd5 44. Bxd5+ Kh8 45. e6 d3 46. Rd1
dxc2 47. Rc1 Bd4 48. Rxc2 Re7 49. Re2 Kg7 50. Kg2 Kf6 51. Kf3 a5 52. Ra2 Ra7
53. Re2 Ke7 54. Re4 a4 55. Rf4 Kd6 56. Rf7 Rxf7+ 57. exf7 Bg7 58. f8=Q+ Bxf8
59. Bg8 a3 60. b4 c4 0-1

[Event "I Weekend A"]
[Site "Gravina di Catania ITA"]
[Date "1998.04.04"]
[Round "5"]
[White "Alaimo, Riccardo"]
[Black "Gangemi, Salvatore"]
[Result "1-0"]
[WhiteElo "2080"]
[BlackElo "1879"]
[PlyCount "109"]
[EventDate "1998.03.28"]

1. e4 Nf6 2. e5 Nd5 3. d4 e6 4. Nf3 h6 5. Bd3 d6 6. O-O Nc6 7. c3 Bd7 8. Re1
dxe5 9. dxe5 Bc5 10. Qe2 a5 11. Qe4 Qe7 12. Nbd2 O-O-O 13. a3 f5 14. exf6 Qxf6
15. Qc4 Ba7 16. Ne4 Qf8 17. b4 Nb6 18. Qb3 a4 19. Qc2 e5 20. Nc5 Qf6 21. Nxd7
Nxd7 22. Bb2 g5 23. b5 Ne7 24. c4 Rhf8 25. Re2 Nf5 26. Qxa4 Bd4 27. Bxd4 Nxd4
28. Nxd4 Nb6 29. Qc2 Rxd4 30. Rae1 Rfd8 31. Re3 Kb8 32. Rf3 Qe7 33. c5 Nd5 34.
g3 Nf6 35. c6 b6 36. Bf5 Qd6 37. Rfe3 Re8 38. Rd3 Rxd3 39. Qxd3 Qxd3 40. Bxd3
e4 41. Bc2 Kc8 42. Re3 Ng4 43. Rxe4 Rxe4 44. Bxe4 Nf6 45. Bf3 Kd8 46. h4 gxh4
47. gxh4 Ke7 48. Kg2 Kd6 49. Kg3 Ke5 50. Bd1 Ne4+ 51. Kf3 Nc3 52. Be2 Nb1 53.
Ke3 Nxa3 54. f4+ Kd6 55. Bd3 1-0

[Event "I Weekend A"]
[Site "Gravina di Catania ITA"]
[Date "1998.04.04"]
[Round "6"]
[White "Alaimo, Riccardo"]
[Black "Licciardello, Salvatore"]
[Result "1-0"]
[WhiteElo "2080"]
[BlackElo "1839"]
[PlyCount "47"]
[EventDate "1998.03.28"]

1. e4 c6 2. d4 d5 3. Nd2 dxe4 4. Nxe4 Nd7 5. Ng5 Ngf6 6. Bd3 e6 7. Qe2 Bd6 8.
N1f3 h6 9. Ne4 Nxe4 10. Qxe4 Nf6 11. Qe2 Qc7 12. Bd2 Bd7 13. O-O-O O-O-O 14.
Ne5 Rhf8 15. Kb1 Kb8 16. g3 c5 17. Nc4 Ka8 18. Nxd6 Qxd6 19. dxc5 Qxc5 20. Be3
Qc7 21. Bd4 Ne8 22. Qe3 b6 23. Be5 Nd6 24. Bxd6 1-0

[Event "I Weekend A"]
[Site "Gravina di Catania ITA"]
[Date "1998.04.05"]
[Round "7"]
[White "Pennisi, Giovanni"]
[Black "Alaimo, Riccardo"]
[Result "0-1"]
[WhiteElo "1872"]
[BlackElo "2080"]
[PlyCount "166"]
[EventDate "1998.03.28"]

1. e4 c5 2. Nf3 d6 3. c3 Nf6 4. Be2 Nc6 5. d3 g6 6. O-O Bg7 7. Re1 O-O 8. Bf1
Bg4 9. h3 Bxf3 10. Qxf3 Nd7 11. Na3 Rb8 12. Be3 b5 13. Rad1 b4 14. cxb4 Bxb2
15. Nc4 Bc3 16. bxc5 Bxe1 17. Rxe1 dxc5 18. Bf4 Nd4 19. Qg3 Rb7 20. Bh6 Re8 21.
e5 Nf5 22. Qf3 Rb8 23. Bd2 Nb6 24. Ne3 Nxe3 25. Qxe3 Qd4 26. Qh6 f5 27. h4 Nd5
28. h5 Rb6 29. e6 Qf6 30. hxg6 Qxg6 31. Qh4 Rxe6 32. Qc4 Rxe1 33. Bxe1 Qd6 34.
g3 e6 35. Bd2 Rb8 36. d4 cxd4 37. Qxd4 Qb6 38. Qe5 Rb7 39. Bh6 Qc6 40. Bb5 Qc8
41. Ba6 Rb1+ 42. Kh2 Qd7 43. Bc8 Re1 44. Qxe1 Qxc8 45. Qe5 Qd7 46. Qb8+ Kf7 47.
Qf8+ Kg6 48. Bc1 Qg7 49. Qe8+ Qf7 50. Qd8 Nf6 51. Qd2 Ng4+ 52. Kg2 Qf6 53. f3
Ne5 54. Bb2 Nc4 55. Bxf6 Nxd2 56. Bd4 a6 57. Kf2 Nc4 58. Ke2 Kg5 59. Kd3 Nd6
60. a4 h5 61. Be5 Nf7 62. Bf4+ Kf6 63. Kc4 e5 64. Bd2 Ke6 65. Kc5 Nd6 66. Be1
Kd7 67. Kb6 Nc4+ 68. Kxa6 Kc6 69. a5 e4 70. fxe4 fxe4 71. Ka7 e3 72. a6 Kc7 73.
Ka8 e2 74. Ka7 Ne3 75. Ba5+ Kc6 76. Kb8 Kb5 77. a7 Kxa5 78. a8=Q+ Kb4 79. Qf3
e1=Q 80. Qe4+ Kc3 81. Qc6+ Kd2 82. Qd6+ Ke2 83. Qf6 Qxg3+ 0-1

[Event "I Weekend A"]
[Site "Gravina di Catania ITA"]
[Date "1998.04.05"]
[Round "8"]
[White "Alaimo, Riccardo"]
[Black "Napoli Costa, Aurelio"]
[Result "1-0"]
[WhiteElo "2080"]
[BlackElo "1980"]
[PlyCount "73"]
[EventDate "1998.03.28"]

1. e4 c5 2. Nc3 Nc6 3. f4 d6 4. Nf3 Bg4 5. Bb5 a6 6. Bxc6+ bxc6 7. O-O d5 8. d3
g6 9. h3 Bxf3 10. Qxf3 Nf6 11. f5 gxf5 12. Qxf5 Qd7 13. Qf2 d4 14. Na4 Qd6 15.
Nb6 Rd8 16. Bf4 Qe6 17. Bc7 Bh6 18. Qf3 O-O 19. Bxd8 Rxd8 20. Qf5 Qxf5 21. Rxf5
Rb8 22. Nc4 Nd7 23. Raf1 f6 24. b3 Bg7 25. g4 h6 26. Kg2 Kh7 27. h4 Kg6 28. Kh3
Kh7 29. g5 hxg5 30. hxg5 e6 31. R5f4 fxg5 32. Rf7 Rd8 33. Re7 Kg6 34. Rff7 Rh8+
35. Kg2 Be5 36. Rxd7 Rh2+ 37. Kg1 1-0

[Event "X Open Vitinia"]
[Site "Roma ITA"]
[Date "1998.03.??"]
[Round "?"]
[White "Bertoni, Massimiliano"]
[Black "Brunetti, Alessandro"]
[Result "1-0"]
[WhiteElo "1803"]
[BlackElo "1827"]
[PlyCount "125"]
[EventDate "1998.03.21"]

1. e4 e6 2. d4 d5 3. Nc3 dxe4 4. Nxe4 Bd7 5. Nf3 Bc6 6. Bd3 Nd7 7. O-O Be7 8.
Re1 Bxe4 9. Bxe4 c6 10. c3 Ngf6 11. Bd3 O-O 12. Bf4 Re8 13. Be5 Ng4 14. Qc2 Nf8
15. Rad1 Nxe5 16. Nxe5 g6 17. Re3 Bf6 18. Qe2 Qa5 19. Qf3 Bxe5 20. dxe5 Qxa2
21. h4 Rad8 22. h5 Qd5 23. Qf4 Qc5 24. Rh3 Nd7 25. hxg6 fxg6 26. Bxg6 hxg6 27.
Qh6 Qxe5 28. Qh7+ Kf8 29. Rxd7 Qe1+ 30. Kh2 Qe5+ 31. g3 Rxd7 32. Qxd7 Qg7 33.
Qd6+ Kg8 34. Rh4 Qe7 35. Qd4 e5 36. Qxa7 Rf8 37. Qe3 Qf7 38. Kg2 Qd5+ 39. Qe4
Kg7 40. Qxd5 cxd5 41. Rb4 Rf7 42. f3 Rd7 43. Kf2 g5 44. Ke3 Kf7 45. Rb6 Kg7 46.
Re6 d4+ 47. cxd4 exd4+ 48. Kd3 Rf7 49. Kxd4 Rxf3 50. Re3 Rxe3 51. Kxe3 Kg6 52.
g4 Kf6 53. Kd4 Ke6 54. Ke4 b5 55. b4 Kd6 56. Kf5 Kd5 57. Kxg5 Kc4 58. Kf4 Kxb4
59. g5 Kc3 60. g6 b4 61. g7 b3 62. g8=Q b2 63. Qg6 1-0

[Event "X Open Vitinia"]
[Site "Roma ITA"]
[Date "1998.03.??"]
[Round "?"]
[White "Bertoni, Massimiliano"]
[Black "Farina, Saverio"]
[Result "1/2-1/2"]
[WhiteElo "1803"]
[BlackElo "2200"]
[PlyCount "95"]
[EventDate "1998.03.21"]

1. e4 e6 2. d4 d5 3. e5 c5 4. c3 Qb6 5. Nf3 Nc6 6. Bd3 cxd4 7. cxd4 Bd7 8. O-O
Nxd4 9. Nxd4 Qxd4 10. Nc3 Qxe5 11. Re1 Qb8 12. Nxd5 Bd6 13. h3 Kf8 14. Ne3 Nf6
15. Ng4 Nxg4 16. Qxg4 h5 17. Qg5 Qd8 18. Qd2 Bc6 19. b3 Qf6 20. Bb2 Qf4 21.
Qxf4 Bxf4 22. Be4 Bg5 23. Rad1 Bf6 24. Bxf6 gxf6 25. Bxc6 bxc6 26. Rd7 Kg7 27.
Rxe6 Rhe8 28. Rxe8 Rxe8 29. Rxa7 Re1+ 30. Kh2 Re2 31. Kg3 Rb2 32. Rc7 Rxa2 33.
Rxc6 Rb2 34. Rc3 Kg6 35. Kf3 h4 36. Ke3 f5 37. g3 Kh5 38. Kf4 Rxf2+ 39. Rf3
hxg3 40. Kxg3 Rb2 41. Rxf5+ Kg6 42. Rf3 Kg5 43. Rc3 f5 44. h4+ Kf6 45. Kf4 Rf2+
46. Rf3 Rh2 47. Kg3 Rb2 48. Kf4 1/2-1/2

[Event "X Open Vitinia"]
[Site "Roma ITA"]
[Date "1998.03.??"]
[Round "?"]
[White "Bertoni, Massimiliano"]
[Black "Terreni, Fabio"]
[Result "1/2-1/2"]
[WhiteElo "1803"]
[BlackElo "1708"]
[PlyCount "65"]
[EventDate "1998.03.21"]

1. e4 e5 2. Nf3 Nc6 3. Bc4 Bc5 4. b4 Be7 5. c3 Nf6 6. d3 O-O 7. Nbd2 d5 8. Bb3
Bg4 9. O-O d4 10. b5 dxc3 11. bxc6 cxd2 12. cxb7 dxc1=Q 13. bxa8=Q Qxd1 14.
Qxd8 Qxf1+ 15. Kxf1 Rxd8 16. Nxe5 Be6 17. Bxe6 fxe6 18. Nc6 Rd7 19. Rb1 Kf8 20.
Ke2 Bc5 21. Rb8+ Ne8 22. e5 Bb6 23. a4 Rd5 24. f4 Rc5 25. Nd8 Ke7 26. Nxe6 Kxe6
27. Rxe8+ Kf7 28. Rd8 Ke7 29. Rh8 h6 30. Rg8 Kf7 31. Rd8 Ke7 32. Rg8 Kf7 33.
Rd8 1/2-1/2

[Event "X Open Vitinia"]
[Site "Roma ITA"]
[Date "1998.03.??"]
[Round "?"]
[White "Brunetti, Alessandro"]
[Black "Chiaretti, Roberto"]
[Result "0-1"]
[WhiteElo "1827"]
[BlackElo "2180"]
[PlyCount "118"]
[EventDate "1998.03.21"]

1. d4 Nf6 2. Nf3 e6 3. Bf4 d5 4. e3 Bd6 5. Nbd2 O-O 6. c3 c5 7. Bxd6 Qxd6 8.
dxc5 Qxc5 9. Bd3 Nbd7 10. Rc1 Qe7 11. O-O b6 12. Re1 Bb7 13. Bb1 Rfd8 14. Qa4
Ne4 15. Rcd1 Nd6 16. Qh4 Qxh4 17. Nxh4 Nc5 18. Nhf3 Na4 19. Bc2 Nxb2 20. Rb1
Nbc4 21. Bd3 Nxd2 22. Nxd2 Rac8 23. Rec1 Rc7 24. Kf1 e5 25. Ke1 Bc8 26. Rb4 Be6
27. Ba6 f6 28. Kd1 Bf5 29. g4 Bg6 30. f3 Kf8 31. Ke2 Nb7 32. Bxb7 Rxb7 33. e4
Rbd7 34. Rc2 Rc7 35. Rc1 Ke7 36. exd5 Rxd5 37. Ne4 Ra5 38. Rc2 Bf7 39. Rbb2 Rc4
40. Nd2 Rca4 41. Nb3 Bc4+ 42. Ke3 Rd5 43. Rd2 Rxd2 44. Rxd2 Ra3 45. Rb2 Kd7 46.
Ke4 Ra4 47. Ke3 Ke6 48. Nc1 Ra5 49. Nb3 Rd5 50. Nc1 Rd1 51. Rc2 g6 52. Nb3 f5
53. gxf5+ gxf5 54. Nd2 Re1+ 55. Kf2 Re2+ 56. Kg3 f4+ 57. Kh3 Kf7 58. Rb2 Be6+
59. Kh4 Rxh2+ 0-1